00422nam a2200157 a 45000010005000000030009000050080041000140400028000550820017000831000018001002450046001182600041001643000014002054900016002196500029002351294CO-ViMGA141112s2004 ck r 000 u spa d aCO-ViMGAbspacCO-ViMGA04a927.5 G183wa1 aWalther, Ingo10aPaul Graugin 1843 - 1903 / cIngo Walther aColonia : bBenedict Taschen, c1992 a96 p : il aTaschen, 1214aGAUGIN, PAUL 1843 - 1903